000 005230000a22002050004500
003 LK-CoMWRAF
005 20230902183259.0
008 230817t2004 ||||| |||| 00| 0 eng d
020 _a817898329X
040 _aLK-CoMWRAF
_dLK-CoMWRAF
_eLK-CoMWRAF
041 _aeng
082 _a823
_bKHA
100 _aKhan, Saniyasnain
245 _aRamadan and the Quran :
_bQuran stories for little hearts
260 _aNew Delhi :
_bGoodword books,
_c2004
300 _a23p
650 _aRamadan
650 _aQuran
942 _cBK
999 _c929
_d929